The fundamentals of taxation/ (Record no. 3306)

MARC details
000 -LEADER
fixed length control field 00519nam a22001697a 4500
003 - CONTROL NUMBER IDENTIFIER
control field OSt
005 - DATE AND TIME OF LATEST TRANSACTION
control field 20250630061444.0
008 - FIXED-LENGTH DATA ELEMENTS--GENERAL INFORMATION
fixed length control field 250630b |||||||| |||| 00| 0 eng d
020 ## - INTERNATIONAL STANDARD BOOK NUMBER
International Standard Book Number 9789712379970
040 ## - CATALOGING SOURCE
Original cataloging agency DWCL - Main lib
Transcribing agency OC
082 ## - DEWEY DECIMAL CLASSIFICATION NUMBER
Classification number Fil. 343.59904 D3468f 2016
100 ## - MAIN ENTRY--PERSONAL NAME
Personal name De Leon, Hector
245 ## - TITLE STATEMENT
Title The fundamentals of taxation/
Statement of responsibility, etc. Hector De Leon
260 ## - PUBLICATION, DISTRIBUTION, ETC.
Place of publication, distribution, etc. Manila, Philippines:
Name of publisher, distributor, etc. Rexbook store,
Date of publication, distribution, etc. c2016.
300 ## - PHYSICAL DESCRIPTION
Extent xxviii, 453 pages:
Other physical details illustrations;
Dimensions 22cm.
942 ## - ADDED ENTRY ELEMENTS (KOHA)
Source of classification or shelving scheme Dewey Decimal Classification
Koha item type Book-Filipiniana
Call number prefix Fil.
Suppress in OPAC No
952 ## - LOCATION AND ITEM INFORMATION (KOHA)
--
952 ## - LOCATION AND ITEM INFORMATION (KOHA)
--
Holdings
Withdrawn status Lost status Source of classification or shelving scheme Damaged status Not for loan Home library Current library Shelving location Date acquired Source of acquisition Cost, normal purchase price Total Checkouts Full call number Barcode Date last seen Copy number Price effective from Koha item type Uniform Resource Identifier
    Dewey Decimal Classification     College Library College Library Filipiniana 04/10/2019 School Fund 684.00   Fil. 343.59904 D3468f 2016 51956 06/30/2025 c2 06/30/2025 BK - FIL
    Dewey Decimal Classification     College Library College Library Filipiniana 04/10/2019 School Fund 684.00   Fil. 343.59904 D3468f 2016 51954 06/30/2025 c1 06/30/2025 BK - FIL